Jack Palance Filmography - Statistics

General Stats
  • This quiz has been taken 2 times
  • The average score is 7 of 177
Answer Stats
Type Year Name % Correct
Film 1953 Shane
100%
Film 1956 Attack
50%
Film 1961 Barabbas
50%
Film 1989 Batman
50%
Film 1991 City Slickers
50%
Film 1963 Contempt
50%
Film 1950 Panic in the Streets
50%
Film 1952 Sudden Fear
50%
Film 1989 Tango & Cash
50%
Film 1955 The Big Knife
50%
Film 1968 The Mercenary
50%
Film 1966 The Professionals
50%
Music Video 1984 5:01AM (The Pros and Cons of Hitchhiking, Pt. 10)
0%
Film 1969 A Bullet for Rommel
0%
Film 1975 Africa Express
0%
TV Film 1966 Alice Through the Looking Glass
0%
Film 1982 Alone in the Dark
0%
Film 1972 And So Ends
0%
Film 1979 Angels' Revenge
0%
Commercial 1998 Arby's
0%
Film 1953 Arrowhead
0%
Theater 1947-1949 A Streetcar Named Desire
0%
Commercial Early 1980s Atari
0%
Theater 1948 A Temporary Island
0%
Film 1960 Austerlitz
0%
Commercial 1973 AVIS Car Rental
0%
TV Film 2004 Back When We Were Grownups
0%
Film 1987 Bagdad Café
0%
Documentary 2003 Between Hitler and Stalin
0%
Film 1959 Beyond All Limits
0%
Film 1976 Black Cobra Woman
0%
Film 1976 Blood and Bullets
0%
TV Film 1973 Bram Stoker's Dracula
0%
TV Show 1983 Breakaway
0%
TV Show 1975-1976 Bronk
0%
Film 1973 Brothers Blue
0%
TV Show 1979 Buck Rogers in the 25th Century
0%
TV Mini-Series 1995 Buffalo Girls
0%
Commercial 1977 Canada Dry
0%
Film 1972 Chato's Land
0%
Film 1969 Che!
0%
Film 1994 City Slickers II: The Legend of Curly's Gold
0%
TV Show 1981 Clapper Board
0%
Film 1979 Cocaine Cowboys
0%
Film 1970 Compañeros
0%
TV Show 1965 Convoy
0%
Film 1994 Cops & Robbersons
0%
Film 1974 Craze
0%
TV Show 1952 Curtain Call
0%
Film 1993 Cyborg 2
0%
TV Show 1953 Danger
0%
Theater 1951 Darkness at Noon
0%
TV Show 1975, 1976 Dinah!
0%
TV Film 1998 Ebenezer
0%
Film 1992 Eli's Lesson
0%
Short Documentary 1964 Encounter with Fritz Lang
0%
TV Film 1981 Evil Stalks This House
0%
TV Show 1971 Film Night
0%
Film 1953 Flight to Tangier
0%
Commercial 1996 Ford Pickup Trucks
0%
Film 1976 God's Gun
0%
Film 1987 Gor
0%
Film 1951 Halls of Montezuma
0%
TV Show 1949 Hands of Mystery
0%
Film 1980 Hawk the Slayer
0%
Film 1979 H. G. Wells' The Shape of Things to Come
0%
Film 1991 Horror of the Hungry Humongous Hungan
0%
Film 1957 House of Numbers
0%
Film 1955 I Died a Thousand Times
0%
TV Film 1997 I'll Be Home for Christmas
0%
TV Documentary 1972 Imagine
0%
Film 1972 It Can Be Done Amigo
0%
TV Film 1992 Keep the Change
0%
Film 1967 Kill a Dragon
0%
Film 1955 Kiss of Fire
0%
TV Show 1967 Las Vegas
0%
Documentary 1992 Legends of the West
0%
Film 1969 Legion of the Damned
0%
TV Show 1950 Lights Out
0%
Film 1975 L'Infermiera
0%
TV Film 2002 Living with the Dead
0%
Film 1968 Madigan's Millions
0%
Film 1953 Man in the Attic
0%
Film 1969 Marquis de Sade: Justine
0%
Commercial Mid 1990s Mennen Skin Bracer Aftershave
0%
Commercial 1981 Midas
0%
Film 1976 Mister Scarface
0%
TV Documentary 1997 Monster Mania
0%
Film 1970 Monte Walsh
0%
Documentary Series 1977 National Geographic Specials
0%
TV Show 1970 Net Playhouse
0%
TV Special 1985 Night of 100 Stars II
0%
Film 1962 Night Train to Milan
0%
TV Show 2001 Night Visions
0%
Film 1973 Oklahoma Crude
0%
Film 1965 Once a Thief
0%
Film 1988 Outlaw of Gor
0%
Short Film 1964 Paparazzi
0%
TV Show 1957 Perry Como's Kraft Music Hall
0%
TV Show 1956, 1957 Playhouse 90
0%
Film 1979 Portrait of a Hitman
0%
Film 2001 Prancer Returns
0%
Documentary 1982 Psychic Confession
0%
TV Film 1975 Rickles
0%
Documentary 1981 Ripley's Believe It or Not!
0%
Documentary Series 1982-1986 Ripley's Believe It or Not!
0%
TV Show 1966 Run for Your Life
0%
Film 1976 Safari Express
0%
TV Film 1999 Sarah, Plain and Tall: Winter's End
0%
Film 1953 Second Chance
0%
Film 1954 Sign of the Pagan
0%
Film 1990 Solar Crisis
0%
Film 1972 Sting of the West
0%
TV Show 1953 Suspense
0%
Film 1961 Sword of the Conqueror
0%
Commercial 1995 Taco Bell
0%
Film 1959 Ten Seconds to Hell
0%
Film 1960 The Barbarians
0%
Theater 1947 The Big Two
0%
TV Show 1967 The Bob Hope Show
0%
TV Show 1968 The Carol Burnett Show
0%
TV Show 1954 The Colgate Comedy Hour
0%
Film 1976 The Cop in Blue Jeans
0%
Film 1969 The Desperados
0%
TV Show 1955 The Ed Sullivan Show
0%
Film 1975 The Four Deuces
0%
TV Film 1974 The Godchild
0%
TV Film 1980 The Golden Moment: An Olympic Love Story
0%
Film 1975 The Great Adventure
0%
TV Show 1963-1964 The Greatest Show on Earth
0%
TV Show 1952 The Gulf Playhouse
0%
TV Film 1975 The Hatfields and the McCoys
0%
Film 1971 The Horsemen
0%
Film 1998 The Incredible Adventures of Marco Polo on His Journeys to the Ends of the Earth
0%
TV Film 1980 The Ivory Ape
0%
Film 1961 The Last Judgment
0%
TV Film 1979 The Last Ride of the Dalton Gang
0%
Film 1957 The Lonely Man
0%
TV Show 1966 The Man from U.N.C.L.E.
0%
Film 1958 The Man Inside
0%
Film 1970 The McMasters
0%
TV Show 1965-1972 The Merv Griffin Show
0%
TV Show 1965-1978 The Mike Douglas Show
0%
TV Show 1954 The Milton Berle Show
0%
Film 1961 The Mongols
0%
TV Show 1953 The Motorola Television Hour
0%
TV Documentary 2001 The Omen Legacy
0%
Film 1978 The One Man Jury
0%
TV Show 1968 The Pat Boone Show
0%
TV Show 1970 The Porter Wagoner Show
0%
Theater 1984 The Pros and Cons of Hitchhiking
0%
TV Show 1966 The Red Skelton Hour
0%
Film 1954 The Silver Chalice
0%
TV Show 1973, 1974 The Sonny & Cher Comedy Hour
0%
TV Show 1956 The Steve Allen Plymouth Show
0%
TV Film 1968 The Strange Case of Dr. Jekyll and Mr. Hyde
0%
Film 1994 The Swan Princess
0%
Documentary 1977 The Unknown Force
0%
Theater 1948 The Vigil
0%
TV Show 1953 The Web
0%
Film 1968 They Came to Rob Las Vegas
0%
Commercial 1975-1985 Time-Life Books 'Old West' Series
0%
Film 1967 Torture Garden
0%
Film 1999 Treasure Island
0%
TV Film 1994 Twilight Zone: Rod Serling's Lost Classics
0%
Documentary 1978 Unknown Powers
0%
Short Documentary 1996 War Games
0%
Film 1962 Warriors Five
0%
Commercial 1995 Wavy Lay's
0%
Film 1977 Welcome to Blood City
0%
TV Show 1951, 1952 Westinghouse Studio One
0%
TV Show 1955, 1964 What's My Line?
0%
TV Documentary 1992 When It Was a Game 2
0%
Film 1980 Without Warning
0%
Film 1988 Young Guns
0%
TV Show 1952 Your Show of Shows
0%
TV Show 1956 Zane Grey Theatre
0%
No matching quizzes found
Score Distribution
Percent of People with Each Score
Percentile by Number Answered
Your Score History
You have not taken this quiz